000 01139nam a22002657a 4500
003 PE SENCICO BE
005 20251020182638.0
008 230621b |||||||| |||| 00| 0 eng d
040 _aPE SENCICO BE
_cPE SENCICO BE
041 _aspa
084 _aI
_aTOP
_a2018
_bS18
100 1 _91166
_aSal y Rosas Santos, Bryan David
_eautor
245 1 _aAplicación de la topografía en carreteras trazo directo y replanteo /
_cBryan David Sal y Rosas Santos
260 _aLima :
_bSENCICO,
_c2018
300 _a49 h. :
_bil. col., diagrs., tabls. ;
_c19 cm.
502 _aMonografía de Titulación.-- Servicio Nacional de Capacitación para la Industria de la Construcción. Escuela Superior Técnica. Carrera Profesional Técnica en Topografía y Geodesía, 2018.
650 1 4 _94
_aTopografía
650 2 4 _9352
_aCarreteras
650 2 4 _9900
_aTrazado de carreteras
650 2 4 _9220
_aDiseño geométrico de carreteras
650 2 4 _9116
_aLevantamiento topográfico
710 1 _aServicio Nacional de Capacitación para la Industria de la Construcción.
_bEscuela Superior Técnica
_91065
910 _bhfp
_chfp
942 _cMON
_2ddc
999 _c4204
_d4204